|
|
|
|
| LEADER |
00000nmm a2200000 a 4500 |
| 008 |
180925b2008 cr ||||| |||| 00| | spa d |
| 999 |
|
|
|c 2456
|d 2456
|
| 090 |
|
|
|a CD #177
|
| 110 |
|
|
|9 4683
|a Comisión Universitaria de Selección y Eliminación de Documentos
|
| 245 |
1 |
0 |
|a Archivo universitario Rafael Obregón Loría
|
| 260 |
|
|
|a San José, Costa Rica :
|b Universidad de Costa Rica. Archivo Universitario,
|c 2008
|
| 300 |
|
|
|a [disco compacto];
|b Archivo PDF
|
| 500 |
|
|
|a Contiene:\Informe de valoración 06-2008, Unidades Académicas de investigación (centros, institutos, estaciones experimentales)\Reglamento del Sistema de Archivos de la Universidad de Costa Rica\Carta de servicios del AUROL
|
| 505 |
|
|
|t Reglamento del Sistema de Archivos de la Universidad de Costa Rica.
|
| 505 |
|
|
|t Informe de valoración 6-2008. Unidades académicas de investigación
|
| 610 |
|
4 |
|a UNIVERSIDAD DE COSTA RICA
|9 714
|
| 650 |
1 |
4 |
|a ARCHIVO
|9 2189
|
| 942 |
|
|
|i 002555
|h CD #177
|2 z
|c 08
|